| 000 | 01880nam a2200373 a 4500 | ||
|---|---|---|---|
| 001 | ebr10635021 | ||
| 003 | CaPaEBR | ||
| 006 | m u | ||
| 007 | cr cn||||||||| | ||
| 008 | 120405s2013 njua sb 001 0 eng d | ||
| 010 | _z 2012012096 | ||
| 020 | _z9780813554600 (hardcover : alk. paper) | ||
| 020 | _z9780813554594 (pbk. : alk. paper) | ||
| 020 | _z9780813554617 (e-book) | ||
| 040 |
_aCaPaEBR _cCaPaEBR |
||
| 035 | _a(OCoLC)824698862 | ||
| 050 | 1 | 4 |
_aHV5824.W6 _bB64 2013eb |
| 082 | 0 | 4 |
_a362.29/952082091733 _223 |
| 100 | 1 | _aBoeri, Miriam. | |
| 245 | 1 | 0 |
_aWomen on ice _h[electronic resource] : _bmethamphetamine use among suburban women / _cMiriam Boeri. |
| 260 |
_aNew Brunswick, N.J. : _bRutgers University Press, _cc2013. |
||
| 300 |
_axvi, 231 p. : _bill. |
||
| 440 | 0 | _aCritical issues in crime and society | |
| 504 | _aIncludes bibliographical references and index. | ||
| 505 | 0 | _aMethamphetamine : the perfect drug for suburban women -- Ethnographic research : exploring methamphetamine use in the suburbs -- The gendered drug career : initiation and progression in methamphetamine use -- Gendered lives : combining work and family with drug-using roles -- Gendered risks : health and infectious diseases -- Gendered risks : violence and crime -- The revolving door : treatment, recovery, and relapse -- Policy implications. | |
| 533 |
_aElectronic reproduction. _bPalo Alto, Calif. : _cebrary, _d2013. _nAvailable via World Wide Web. _nAccess may be limited to ebrary affiliated libraries. |
||
| 650 | 0 |
_aWomen _xDrug use. |
|
| 650 | 0 | _aMethamphetamine abuse. | |
| 650 | 0 | _aWomen drug addicts. | |
| 650 | 0 |
_aDrug addiction _xTreatment. |
|
| 655 | 7 |
_aElectronic books. _2local |
|
| 710 | 2 | _aebrary, Inc. | |
| 856 | 4 | 0 |
_uhttp://site.ebrary.com/lib/rucke/Doc?id=10635021 _zAn electronic book accessible through the World Wide Web; click to view |
| 999 |
_c47915 _d47915 |
||